00696 2200253 4500001002100000005001700021008004100038020001800079035002400097082001100121090001800132100002000150245007800170250001100248260003300259300003100292500003100323650002300354850001600377980001300393985000600406999001500412999001500427YOGYA-0209000001729520090227022737.0 ind  a979-97939-0-4 0010-020900000017295 a616.98 a616.98bAmk K aMAKFUDZ, Irkham aKesehatan dan keluarga bagian dari kesehatan masyarakatcIrcham Machfoedz aCet. 2 aYogyakartabFitra Mayac2003 aviii, 116 hlmbilusc21 cm aBibliografi : hlm. 112-113 aKesehatan keluarga aYOPDYOG (B) a23-01-06 a2 a03P0004438 a03P0004440